| 000 | 01824nam a22003377a 4500 | ||
|---|---|---|---|
| 003 | OSt | ||
| 005 | 20260327151058.0 | ||
| 008 | 260327t2023 xxu||||| |||| 00| 0 eng d | ||
| 020 | _a9783031163883 | ||
| 020 | _a9783031163876 | ||
| 040 |
_aUnicoc _bspa _c00001 _d00001 |
||
| 082 | _a617.695 | ||
| 100 |
_912839 _aSabbagh, Joseph |
||
| 245 |
_aBulk fill resin composites in dentistry _b: a clinical guide _c/ Joseph Sabbagh, Robert McConnell |
||
| 250 | _a1 Ed. | ||
| 260 |
_aSuiza : _bSpringer , _c2023. |
||
| 300 |
_a192 páginas _bDiagramas, tablas |
||
| 500 | _aIncluye referencias bibliográficas. | ||
| 505 |
_t1. General Introduction. -- _t2. What are bulk fill (BF) composites and how do they differ from non BF composites?. -- _t3. Bulk fill composites: adhesion and interfacial adaptation. -- _t4. What happens when i irradiate a BFC?. -- _t5. How do I select and deploy light curing units for BFC?. -- _t6. Physical and mechanical properties of BFC’s. -- _t7. Short fiber based filling composites. -- _t8. Guidelines for achieving aesthetic posterior restorations using BFCs. -- _t9. Clinical challenges and longevity of Bulk-Fill materials. -- _t10. Bulk-Fill resin composites: recent avances and future perspectives. |
||
| 526 | _5Unicoc | ||
| 546 | _aIngles | ||
| 650 | 0 |
_961 _aBiomateriales _xOdontología |
|
| 650 | 0 |
_912841 _aResinas en odontología |
|
| 650 | 0 |
_9159 _aOdontología estética |
|
| 650 | 0 |
_911508 _aAdhesivos dentales |
|
| 658 | 0 |
_98315 _aPrograma de Odontología |
|
| 658 | 0 |
_98073 _aEspecialización en Prostodoncia |
|
| 700 |
_912840 _aMcConnell, Robert |
||
| 856 |
_yAcceso online exclusivo para comunidad Unicoc. _uhttps://unicoceduco-my.sharepoint.com/:b:/g/personal/direccionbiblioteca_unicoc_edu_co/IQATOrYIWS82SpfLJjcFlloQAcl7Lg-EBKTmpsUO8unmzqw |
||
| 942 |
_2ddc _cEBOOK |
||
| 999 |
_c10801 _d10801 |
||